000 00791nam a22002057a 4500
005 20240704120147.0
010 _aENG-140765
020 _c655.00
_a9789361599668
035 _aEN-124297
037 _bDBAD
082 _a651.7
_25
100 _aChaturvedi, P.D.
_968116
245 _aThe Art and Science of Business Communication:
_bSkills, Concepts, Cases, and Applications/
_cby P.D. Chaturvedi and Mukesh Chaturvedi
250 _a5
260 _aNoida
_bPearson India Education Services Pvt. Ltd
_c2024
270 _a1st Floor, Berger Tower, Plot No. C-001A/2 Sector 16B
_bNoida (U.P.)
_e201301
_k04466540100
_mcompanysecretary.india@pearson.com
300 _axxix,496p.
_b25cm (Pb)
700 _aChaturvedi, Mukesh
_eAuthor
_968117
942 _2ddc
_cEN
_h651.7
_mCHA
_e5
999 _c203946
_d203946